Green light six : Student book

Tallennettuna:
Bibliografiset tiedot
Päätekijä: Williams, Ivor
Aineistotyyppi: Kirja
Kieli:Undetermined
Julkaistu: London McGraw-Hill/ELT 2003
Aiheet:
Tagit: Lisää tagi
Ei tageja, Lisää ensimmäinen tagi!
Thư viện lưu trữ: Trung tâm Học liệu Trường Đại học Cần Thơ
LEADER 00595nam a2200217Ia 4500
001 CTU_125866
008 210402s9999 xx 000 0 und d
020 |c 3.95 
082 |a 428.0076 
082 |b W721/Vol.6 
100 |a Williams, Ivor 
245 0 |a Green light six : 
245 0 |b Student book 
245 0 |c Ivor Williams and Dermot Curley 
260 |a London 
260 |b McGraw-Hill/ELT 
260 |c 2003 
650 |a English language,English language 
650 |x Textbooks for foreign speakers 
904 |i Giang 
980 |a Trung tâm Học liệu Trường Đại học Cần Thơ